Nigeria Premier League 2025/26 - nagła śmierć - Statystyki

Ogólne statystyki
  • Ten quiz został rozwiązany 13 razy
  • Średni wynik to 3 z 20
Answers on the Grid
Answers color-coded by a green-red scale on the quiz's grid according to % correct below.
Bendel Insurance FC
Wikki Tourists FC
East End Lions FC
Warri Wolves
SM Sanga Balende
Nasarawa United
Kun Khalifat FC
Ngezi Platinum FC
Kano Pillars FC
JS Pobè
Niger Tornadoes
Ikorodu City FC
Asante Kotoko SC
Kwara United FC
Enugu Rangers
Bouenguidi Sport
Abia Warriors
El-Kanemi Warriors
Pharco FC
Katsina United FC
Shooting Stars FC
Remo Stars FC
FC Aarau
Sheger Ketema
Bayelsa United FC
Barau FC
ASN Nigelec
Rivers United FC
Enyimba FC
Plateau United
 
Statystyki odpowiedzi
Odpowiedź % Poprawnych
Rivers United FC
33%
Abia Warriors
25%
Kano Pillars FC
25%
Kun Khalifat FC
25%
Kwara United FC
25%
Nasarawa United
25%
Wikki Tourists FC
25%
Enugu Rangers
17%
Ikorodu City FC
17%
Warri Wolves
17%
Barau FC
8%
Bayelsa United FC
8%
El-Kanemi Warriors
8%
Enyimba FC
8%
Katsina United FC
8%
Niger Tornadoes
8%
Plateau United
8%
Remo Stars FC
8%
Shooting Stars FC
8%
Bendel Insurance FC
0%
Nie znaleziono quizów pasujących do podanych kryteriów
Rozkład punktacji
Procent ludzi z każdym wynikiem
Percentyl według liczby udzielonych odpowiedzi
Twoja historia wyników
Nie rozwiązałeś tego quizu